| 000 | 00707nam a2200217 a 4500 | ||
|---|---|---|---|
| 005 | 20240228063838.0 | ||
| 008 | 010925s1996 r 000 0 eng d | ||
| 020 | _a9681651146 | ||
| 035 | _aUPN01000112005 | ||
| 049 | _aI | ||
| 050 | 4 |
_aPZ71 _bV3.54 |
|
| 100 | 1 |
_aVan Allsburg, Chris, _d1949- _933332 |
|
| 245 | 1 | 4 |
_aLos misterios del señor Burdick / _cChris Van Allsburg ; tr. Odette Smith. |
| 260 |
_aMéxico : _bFCE, _c1996. |
||
| 300 |
_a[29] p. : _bprincipalmente il. |
||
| 440 | 4 | _aLos especiales de a la orilla del viento | |
| 534 |
_pTraducción de: _tThe mysteries of Harris Burdick |
||
| 650 | 4 |
_aCuentos infantiles _96744 |
|
| 650 | 4 |
_aLibros y lectura para niños _92290 |
|
| 905 | _aInfantil | ||
| 999 |
_c85913 _d85913 |
||